Associez le nom de famille au pays #2 - Statistiques

Statistiques générales
  • Ce quiz a été pris 82 fois
  • Le résultat moyen est 1 sur 5
Statistiques - réponses
Question Réponse % Correct
Hoxha Albanie
57%
Devi Inde
43%
Quispe Pérou
29%
Mohamed Maldives
14%
Ali Somalie
0%
Aucun quiz correspondant
Distribution des résultats
% des personnes avec chaque résultat
Percentile par nombre de réponses
Votre historique - résultats
Vous n’avez pas pris ce quiz